00902ncm a2200241 i 45000010008000000030004000080050017000120080041000290400024000700450009000940820015001031000040001182400026001582450154001842600035003383000024003734400038003975000086004356000035005216500039005567000032005957000033006275433520OSt20190131152150.0790927s1902 enkorc n eng d aIXAcIXAdm.c.dOBE av4v4 a783bH236M1 aHandel, George Frideric,d1685-175910aMessiah.sVocal score14aThe Messiah :ba sacred oratorio /ccomposed in the year 1741 by G. F. Handel ; edited, and the pianoforte acc. largely re-written, by Ebenezer Prout aNew York :bH. W. Gray,cc1902 avi, 209 p. ;c26 cm 0aNovello's original octavo edition aEnglish words; libretto by Charles Jennens from the Bible and Prayer Book Psalter00aJesus ChristxSongs and music. 0aOratoriosxVocal scores with piano1 aProut, Ebenezer,d1835-19091 aJennens, Charles,d1700-1773